Statistiques concernant Les meilleurs joueurs sur FIFA 20

Cliquez ici pour prendre le quiz!

Statistiques générales

  • Ce quiz a été pris 197 fois
  • Le résultat moyen est 13 sur 20

Statistiques - réponses

NoteJoueurrs% Correct
93Cristiano Ronaldo
100%
94Lionel Messi
100%
92Neymar Jr
95%
89Kylian Mbappé
91%
91Kevin de Bruyne
87%
89Robert Lewandowski
81%
90Luka Modrić
78%
90Mohamed Salah
74%
90Virgil van Dijk
73%
89Sergio Ramos
66%
91Jan Oblak
65%
91Eden Hazard
61%
89N'Golo Kanté
58%
89Antoine Griezmann
55%
89Alisson
48%
89Harry Kane
45%
90Marc-André Ter Stegen
43%
89Sergio Agüero
38%
89Giorgio Chiellini
17%
89Kalidou Koulibaly
3%

Distribution des résultats

Percentile par nombre de réponses

% des personnes avec chaque résultat

Votre développement - résultats

Vous n’avez pas pris ce quiz